Biblioteca

Los generales de Dios : (Registro nro. 71020)

Detalles MARC
000 -LÍDER
Campo fijo de descripción fija 01748nam a2200349 i 4500
001 - NÚMERO DE CONTROL
Campo de control 768714001
003 - IDENTIFICADOR DEL NÚMERO DE CONTROL
Campo de control CO-MdFUSB
005 - FECHA Y HORA DE LA ULTIMA TRANSACCIÓN
control field 20260324153715.0
007 - CAMPO FIJO DE DESCRIPCIÓN FIJA--INFORMACIÓN GENERAL
Campo fijo de descripción fija ta
008 - ELEMENTOS DE LONGITUD FIJA -- INFORMACIÓN GENERAL
Campo fijo de descripción fija -- Información general 241003t2000 ag o|||| |||| 00| 0 spa d
020 ## - NÚMERO INTERNACIONAL NORMALIZADO PARA LIBROS
Número Internacional Normalizado del libro 987-9038-37-1
040 ## - FUENTE DE CATALOGACIÓN
Idioma de catalogación spa.
Agencia de catalogación original CO-MdFUSB
Agencia que realiza la transcripción CO-MdFUSB
Agencia que realiza la modificación CO-MdFUSBC
Convenciones de la descripción rda
041 ## - CÓDIGO DE IDIOMA
Código de idioma para texto/pista de sonido o título separado spa
Código de idioma original eng
082 ## - NÚMERO DE CLASIFICACIÓN DECIMAL DEWEY
Número de la edición del Dewey 23
Número de clasificación 209.22
Clave de autor-Numero de item L693
100 ## - ASIENTO PRINCIPAL--NOMBRE PERSONAL
Nombre personal Liardon, Roberts.
Término relacionador autor
240 ## - TITULO UNIFORME
Título uniforme <a href="God's Generals ">God's Generals </a>
245 #4 - TÍTULO
Título del Material Los generales de Dios :
Parte restante del título - Subtitulo las claves de sus éxitos y por qué algunos fallaron
Mención de responsabilidad, etc. / Roberts Liardon ; traducido por Virginia López Grandjean
264 #1 - PRODUCCIÓN, PUBLICACIÓN, DISTRIBUCIÓN, MANUFACTURA, Y COPYRIGHT
Lugar de producción, publicación, distribución, manufactura Buenos Aires, Argentina :
Nombre del productor, publicador, distribuidor Peniel,
Fecha de producción, publicación, distribución, manufactura, o copyright [2000]
264 #4 - PRODUCCIÓN, PUBLICACIÓN, DISTRIBUCIÓN, MANUFACTURA, Y COPYRIGHT
Lugar de producción, publicación, distribución, manufactura ©2000
300 ## - DESCRIPCIÓN FÍSICA
Extensión 483 páginas
Otros detalles físicos : fotografías en blanco y negro
Dimensiones ; 24 cm
336 ## - TIPO DE CONTENIDO
Fuente rdacontent
Término de tipo de contenido texto
Código de tipo de contenido txt
337 ## - TIPO DE MEDIO
Fuente rdamedia
Nombre del tipo de medio sin mediación
Código del tipo de medio n
338 ## - TIPO DE SOPORTE
Fuente rdacarrier
Nombre del tipo de soporte volumen
Código Tipo de soporte nc
500 ## - NOTA GENERAL
Nota General Incluye índice
505 ## - NOTA DE CONTENIDO
Nota de contenido con formato preestablecido John Alexander Dowie "El apóstol de la sanidad". -- María Woodworth-Etter "La mujer que mostró el espíritu de Dios". -- Evan Roberts "Líder del avivamiento en Gales". -- Charles F. Parham "El padre de Pentecostés". -- William J. Seymour "El catalizador de Pentecostés". -- John G. Lake "Hombre de sanidad". -- Smith Wigglesworth "Apóstol de fe". -- Aimee Semple McPherson "Mujer de la providencia". -- Kathryn Kuhlman "La mujer que creía en los milagros". -- William Branham "Un hombre de notables señales y prodigios". -- Jack Coe "El hombre de la fe temeraria". -- A. A. Allen "El hombre de los milagros".
563 ## - NOTA DE ENCUADERNACIÓN
Nota de encuadernación Tapa dura
650 #0 - ASIENTO SECUNDARIO DE MATERIA - TERMINO TEMÁTICO
Término temático o nombre geográfico como elemento de entrada Reforma de la iglesia
9 (RLIN) 958
650 #7 - ASIENTO SECUNDARIO DE MATERIA - TERMINO TEMÁTICO
Término temático o nombre geográfico como elemento de entrada Reforma
9 (RLIN) 221
700 ## - ASIENTO SECUNDARIO - NOMBRE PERSONAL
Nombre personal López Grandjean, Virginia,
9 (RLIN) 8552
Responsabilidad traductora
942 ## - TIPO DE MATERIAL (KOHA)
Tipo de Item KOHA Libros General
945 ## - INFORMACIÓN LOCAL DEL REGISTRO
Catalogador Catherine Arias Alvarez
Existencias
Estado de Material Estado de Perdido Forma de Clasificación Volumen-Parte/Tomo Estado de Dañado No para Préstamo Colección Tomo Biblioteca de Origen Biblioteca Permanente Fecha de Adquisición Área Total de Préstamos Signatura Topográfica Código de Barras Última vez visto Ejemplar/Existencia Fecha de Remplazo Tipo de Material
    Dewey Decimal Classification Vol. 1     Colección General   Biblioteca FUSBC Biblioteca FUSBC 03/10/2024 BIBLIA   G 209.22 L693g 25092 03/10/2024 Ej. 1 03/10/2024 Libros General

Biblioteca FUSBC | Teléfono: (57+4) 349 88 10 Ext. 141| WhatsApp (+57) 3005338115 
E-mail: biblioteca@unisbc.edu.co | Calle 76 87-14 Robledo Palenque, Medellín, Colombia

Con tecnología Koha